000 02438cam a22005054i 4500
003 PE-LiUPU
005 20250731165513.0
008 150623s r 000 0 d
020 _a184127075X
035 _a(Sirsi) i9781841270753
040 _aPE-LiUPU
_bspa
_cPE-LiUPU
_erda
049 _aPRUA
082 0 4 _a221.07
_bJ
_221
245 0 0 _aCulture, entertainment and the Bible.
_n309 /
_ceditado por George Aichele.
264 1 _aSheffield, England :
_bSheffield Academic Press,
_c2000.
300 _a230 páginas ;
_c24 centímetros
336 _atext
_2rdacontent
337 _aunmediated
_2rdamedia
338 _avolume
_2rdacarrier
490 0 _aJournal for the Study of the Old Testament, Suplement Series ;
_v309
504 _aIncluye bibliografía.
505 0 _aLost prophecies! Scholars amazed! weekly World news and the Bible. -Recent fictional portrayals of God, or: Disney, Shirley MacLaine, and Hamlet. -Disney´s Pocahontas and Joshua´s Rahab in postcolonial perspective. -Some day my Prince will come: images of salcation in the Gospel according to St. Walt. -They´re not just bad, they´re stupid and ugly too: the depiction of Baal worshipers in nest entertainment´s animated stories from the Bible. -The cut that confuses, or: in the penile colony. -Apoxalypse, art and abjection: images of the great whore. -Portrayals of power in the stories of Delilah and Bathsheba: seduction in song. -Rahab: from pedhaat to pedagogy, or: the many faces of a heroine. -Tamar´s veil. -Histerical Phalli..
526 _aSEG44
526 _aSEG26
526 _aP151
526 _aP150
526 _aP149
526 _aP146
526 _aP145
526 _aP126
526 _aP125
526 _aP92
526 _aP75
526 _aP74
526 _aP27
526 _aP15
650 0 4 _aCultura y biblia.
700 1 _aAichele, George,
_eed.
942 _2ddc
_cBOOK
949 _aRC 221.07 J 309
_wDEWEY
_c1
_i48833
_lCCODEBUL1
_mBUL
_r0
_sY
_tBOOK
_u2015-6-24
_xTEOLOGIA
_PP35
_0COMPRA
_o.CIRCNOTE. No olvidar cambiar la fecha de devolución!!!!!!!
_o.STAFF. Colección General
994 _aC0
_bPEPRU
596 _a1
999 _aRC 221.07 J 309
_wDEWEY
_c27994
_i48833
_f2021-11-8
_g6
_lCCODEBUL1
_mBUL
_r1
_sY
_tBOOK
_u2015-6-24
_xTEOLOGIA
_PP35
_0COMPRA
_o.CIRCNOTE. No olvidar cambiar la fecha de devolución!!!!!!!
_o.STAFF. Colección General
_d27994
980 _81
_gALBERTO SANCHEZ Responsable de Automatización